Kraje, które zniknęły po II wojnie światowej - Statystyki

Ogólne statystyki
  • Ten quiz został rozwiązany 28 razy
  • Średni wynik to 2 z 15
Statystyki odpowiedzi
Odpowiedź % Poprawnych
III Rzesza
57%
Związek Radziecki
48%
Czechosłowacja
39%
Korea
17%
Wolne Miasto Gdańsk
17%
Królestwo Węgier
9%
Mandżukuo
9%
Austria
4%
Królestwo Jugosławii
0%
Królestwo Włoch
0%
Protektorat Czech
0%
Protektorat Moraw
0%
Republika Weimarska
0%
Rzesza Austriacka
0%
Tybetańskie Królestwo
0%
Nie znaleziono quizów pasujących do podanych kryteriów
Rozkład punktacji
Procent ludzi z każdym wynikiem
Percentyl według liczby udzielonych odpowiedzi
Twoja historia wyników
Nie rozwiązałeś tego quizu